000 00711nam a22002057a 4500
003 OSt
008 260630b |||||||| |||| 00| 0 eng d
020 _a9781466657809
082 _a374
_bI43A
100 _aIRMA
245 _aAdult and Continuing Education : concepts, methodologies, tools and applications /
_cby Information Resources Management Association
260 _a.- USA
_b: IGI Global
_c, 2014
300 _avol.- l, (xxix,520); vol.- ll, (xxix,521-1047); vol.- lll, (xxix,1048-1564); vol.-IV, (xxix,1566-2066)p.
365 _e4vol. Set Price- 180238.50
650 _aSocial Sciences
650 _aEducation
650 _aAdult Education
650 _aContinuing Education
942 _2ddc
_cRFB
999 _c52495
_d52495